Meditaciones neoyorkinas. (Registro nro. 324327)
[ vista simple ]
| 000 -ENCABEZADO | |
|---|---|
| Número de control [NR] | 01676nam a22002417a 4500 |
| 005 - FECHA Y HORA DE LA ÚLTIMA TRANSACCIÓN | |
| control field | 20240607103323.0 |
| 008 - DE LONGITUD FIJA DE DATOS DE ELEMENTOS - INFORMACIÓN GENERAL | |
| Elementos de longitud fija [NR] | 240607s1939 ag ||||fr|||| 00| 0 spa d |
| 040 ## - FUENTE DE CATALOGACION [NR] | |
| Agencia de catalogación original [NR] | CO-BoUCM |
| Idioma de catalogación [NR] | spa |
| Quien Cataloga | Sandra Yazo |
| Quien Clasifica | Sandra Yazo |
| 041 0# - CODIGO DE IDIOMA [R] | |
| Código de idioma para texto/pista de sonido o título separado [R] | Español |
| 082 04 - NUMERO DE CLASIFICACION DECIMAL DEWEY [R] | |
| Número de la edición [NR] | 20 |
| Número de clasificación [R] | 868 |
| 092 ## - SIGNATURA TOPOGRAFICA LOCAL | |
| Número de clasificación local | E53N077 |
| 100 10 - ASIENTO PRINCIPAL--NOMBRE PERSONAL [NR] | |
| Nombre personal [NR] | Rembao, Alberto |
| Fechas asociadas con el nombre [NR] | 1895-1962 |
| ID Autoridad | 181239 |
| 245 10 - MENCION DE TITULO [NR] | |
| Título [NR] | Meditaciones neoyorkinas. |
| Mención de responsabilidad, etc. [NR] | Por Alberto Rembao |
| 260 ## - PUBLICACION, DISTRIBUCION, ETC. (PIE DE IMPRENTA) [R] | |
| Lugar de publicación, distribución, etc. [R] | Buenos Aires (Argentina) |
| Nombre del editor, distribuidor, etc. [R] | Librería “La Aurora” ; Talleres de la Imprenta Metodista |
| Fecha de publicación, distribución, etc. [R] | 1939 |
| 300 ## - DESCRIPCION FISICA [R] | |
| Extensión [R] | 236 páginas |
| Dimensiones [R] | 21 x 15 cm |
| 500 ## - NOTA GENERAL [R] | |
| Nota general [NR] | Detalles físicos: Encuadernación en rústica en tapas de cartulina. Lomo con impresión en negro. La tapa delantera, impresa en varios colores e ilustrada. Anteportada, con anotación manuscrita. Dedicatoria. Portada impresa en una sola tinta. Texto en una sola columna, con diferentes tipos y tamaños de letras. Márgenes amplios. Varias hojas sin refilar |
| 505 1# - NOTA DE CONTENIDO CON FORMATO PREESTABLECIDO [R] | |
| Nota de contenido con formato preestablecido [NR] | La membrana del rococo ; Las siete constantes de Sir Arthur ; El origen puntual de la esfera ; La centralidad del hombre ; La pantalla vacía ; San Yago en Aberdeen ; La conquista de la infinitud ; La conquista de la inmortalidad ; La conquista del caos ; La figuración creadora ; Asunto de imaginería ; Una teoría interminable de frustraciones ; Santa Anna de Bohemia ; El compartir hermanable de lo agrio de la vida ; La garza del ideal ; El arte de conversar ; Con el alma en la palma de la mano ; Asunto de magia, milagro y martirio |
| 506 ## - NOTA DE RESTRICCIONES DE ACCESO [R] | |
| Condiciones de acceso [NR] | Consulta en sala |
| 650 #7 - ASIENTO SECUNDARIO DE MATERIA - TERMINO TEMATICO [R] | |
| 9 (RLIN) | 19257 |
| Término temático o nombre geográfico como elemento de entrada [NR] | Meditaciones |
| 650 #7 - ASIENTO SECUNDARIO DE MATERIA - TERMINO TEMATICO [R] | |
| 9 (RLIN) | 18708 |
| Término temático o nombre geográfico como elemento de entrada [NR] | Literatura mexicana |
| 690 ## - ASUNTO AGREGADO LOCAL DE ENTRADA - TÉRMINO TEMÁTICO (OCLC, RLIN) | |
| Acceso temático local | Literatura latinoamericana |
| 9 (RLIN) | 18700 |
| 942 ## - ELEMENTOS DE ENTRADA AGREGADOS (KOHA) | |
| Sistema de clasificación | LOCAL |
| Tipo de ítem principal el descrito en 300a | Libro |
| Edición | 1 |
| Clasificación | E53N077 |
| Suprimido | Perdido | Sistema de clasificación | Dañado | No prestable | Tipo de ítem específico | Ubicación habitual | Ubicación actual | Localización | Fecha de creación | Forma de adquisición | Costo | Total préstamos | Signatura topográfica | Código de barras | Última vez visto | Ejemplar | Price effective from | Tipo de ítem |
|---|---|---|---|---|---|---|---|---|---|---|---|---|---|---|---|---|---|---|
| LOCAL | Libro archivo | Archivo Histórico | Archivo Histórico | Archivo histórico | 07/06/2024 | Donación | 0.00 | E53N077 | L007118 | 07/06/2024 | Ej.1 | 07/06/2024 | Libro |